| 000 | 01135 a2200241 4500 | ||
|---|---|---|---|
| 003 | BJBSDDR | ||
| 005 | 20260421102249.0 | ||
| 007 | ta | ||
| 008 | 260421s2025 nyu 00| 0 eng d | ||
| 020 | _a9780063351592 | ||
| 020 | _a0063351595 | ||
| 040 |
_beng _cBJBSDDR |
||
| 041 | _aeng | ||
| 050 | _bB561 2025 | ||
| 245 | 0 | 4 |
_aThe best American essays 2025 / _cJia Tolentino ; Mosab Abu Toha. |
| 260 |
_aNew York : _bMariner Books, _c2025. |
||
| 300 |
_axxvii, 323 pages ; _c21 cm |
||
| 520 | _a"A collection of the year's best essays, selected by critically acclaimed author and essayist, Jia Tolentino. The Best American series, launched in 1915, is the premier annual showcase for the country's finest short fiction and nonfiction, and it is the most respected--and most popular--of its kind. Jia Tolentino, critically acclaimed essayist, editor, and New Yorker staff writer, selects twenty essays out of thousands that represent the best examples of the form published the previous year." | ||
| 700 | 1 |
_aTolentino, Jia, _d1988- _948025 |
|
| 700 | 1 |
_aAbu Toha, Mosab, _d1992- _948026 |
|
| 942 |
_2lcc _cBK _n0 |
||
| 946 | _irmza | ||
| 999 |
_c126859 _d126859 |
||